White House Years (Record no. 1220)

000 -LEADER
fixed length control field 00543nam a22002057a 4500
003 - CONTROL NUMBER IDENTIFIER
control field OSt
005 - DATE AND TIME OF LATEST TRANSACTION
control field 20210426111930.0
008 - FIXED-LENGTH DATA ELEMENTS--GENERAL INFORMATION
fixed length control field 210204s1979 ||||| |||| 00| 0 eng d
040 ## - CATALOGING SOURCE
Original cataloging agency eng
Language of cataloging eng
Transcribing agency DLC
041 ## - LANGUAGE CODE
Language code of text/sound track or separate title eng
080 ## - UNIVERSAL DECIMAL CLASSIFICATION NUMBER
Universal Decimal Classification number 32
Item number K-49
100 ## - MAIN ENTRY--PERSONAL NAME
9 (RLIN) 795
Personal name Kissinger, Henry
245 ## - TITLE STATEMENT
Title White House Years
Statement of responsibility, etc. / by: Little, Brown and Company
250 ## - EDITION STATEMENT
Edition statement 1st edition
260 ## - PUBLICATION, DISTRIBUTION, ETC.
Place of publication, distribution, etc. Boston
Name of publisher, distributor, etc. Little, Brown and Company
Date of publication, distribution, etc. 1979
300 ## - PHYSICAL DESCRIPTION
Extent 1521 p.
Other physical details ill.
650 #0 - SUBJECT ADDED ENTRY--TOPICAL TERM
9 (RLIN) 443
Topical term or geographic name entry element Politics
653 ## - INDEX TERM--UNCONTROLLED
Uncontrolled term პოლიტიკა
942 ## - ADDED ENTRY ELEMENTS (KOHA)
Source of classification or shelving scheme
Koha item type Books
Edition 1
Holdings
Withdrawn status Lost status Source of classification or shelving scheme Damaged status Not for loan Permanent location Current location Date acquired Inventory number Total Checkouts Full call number Barcode Date last seen Price effective from Koha item type
          Ken Walker International University Ken Walker International University 02/04/2021 1352   32 K-49 1352 02/04/2021 02/04/2021 Books

Powered by Koha